Southville International School and Colleges
Your cart is empty.
  • Cart
  • Lists
    Public lists Eva Luna New books Lux_list list_1
    Your lists Log in to create your own lists
  • Log in to your account
  • Your cookies
  • Search history
Southville International School and Colleges
  • Advanced search
  • Recent comments
  • Most popular
  • Libraries

Log in to your account

Log in with GOOGLE


If you do not have an external account, but do have a local account, you can still log in:

  1. Home
  2. MARC view: Lesson to learn /
Normal view MARC view ISBD view

Lesson to learn / (Record no. 11592)

[ view plain ]
MARC details
000 -LEADER
fixed length control field 00486nam a22001817a 4500
003 - CONTROL NUMBER IDENTIFIER
control field LC
005 - DATE AND TIME OF LATEST TRANSACTION
control field 20160223150205.0
008 - FIXED-LENGTH DATA ELEMENTS--GENERAL INFORMATION
fixed length control field 130917t xxu||||| |||| 00| 0 eng d
050 ## - LIBRARY OF CONGRESS CALL NUMBER
Classification number PR 6060
Item number .J82 1999
082 ## - DEWEY DECIMAL CLASSIFICATION NUMBER
Classification number FIC
Item number J76l 1999
100 ## - MAIN ENTRY--PERSONAL NAME
Personal name Jordan, Penny
9 (RLIN) 20696
245 ## - TITLE STATEMENT
Title Lesson to learn /
Statement of responsibility, etc Penny Jordan.
260 ## - PUBLICATION, DISTRIBUTION, ETC. (IMPRINT)
Place of publication, distribution, etc Australia :
Name of publisher, distributor, etc Harlequin Mills & Boon,
Date of publication, distribution, etc c1999.
300 ## - PHYSICAL DESCRIPTION
Extent 220 p. :
Dimensions 17 cm.
650 ## - SUBJECT ADDED ENTRY--TOPICAL TERM
Topical term or geographic name as entry element Fiction, Romance.
942 ## - ADDED ENTRY ELEMENTS (KOHA)
Source of classification or shelving scheme Library of Congress Classification
Koha item type Books
Holdings
Withdrawn status Lost status Source of classification or shelving scheme Damaged status Home library Current library Shelving location Date acquired Total Checkouts Full call number Barcode Date last seen Copy number Price effective from Koha item type
    Library of Congress Classification   Luxembourg Library Luxembourg Library Fiction Section 09/17/2013   PR 6060 .J82 1999 12899 09/17/2013 1 09/17/2013 Books

Lesson to learn /

APA

Jordan P., . (1999). Lesson to learn. Australia: Harlequin Mills & Boon.

Chicago

Jordan Penny, . 1999. Lesson to learn. Australia: Harlequin Mills & Boon.

Harvard

Jordan P., . (1999). Lesson to learn. Australia: Harlequin Mills & Boon.

MLA

Jordan Penny, . Lesson to learn. Australia: Harlequin Mills & Boon. 1999.

  • Place hold
  • Print
  • Cite
  • Add to your cart (remove)
  • Save record
    BIBTEX Dublin Core MARCXML MARC (non-Unicode/MARC-8) MARC (Unicode/UTF-8) MARC (Unicode/UTF-8, Standard) MODS (XML) RIS
  • More searches
    Search for this title in:
    Other Libraries (WorldCat) Other Databases (Google Scholar) Online Stores (Bookfinder.com) Open Library (openlibrary.org)

Exporting to Dublin Core...

SOUTHVILLE LIBRARY

Southville International School and Colleges Library

1281 Tropical Ave. Cor. Luxembourg St., BF Homes International, Las Pinas City

Tel. No. 8256374 / 252358 Loc. 117/146

Powered by Koha